00442 a2200169 450000100060000002000180000604000370002410000270006124000180008824500130010630000080011936200090012765000130013694200070014995200990015699900170025575293 a9788516082505 cAnchieta - Colégio São Paulo aTorres, Carlos Alberto10aFísicalpor10aFísica a7110 a2014 4aFísica cBK 00104070a88.1b88.1d2023-11-22l0o530 F376p6722/CSPr2023-11-22 14:32:40w2023-11-22yBK c75293d75293